LEADER 01037nam a2200253 4500 001 000000350625 003 CaOOAMICUS 005 20220622160225.0 008 220622s2014 it 000 u ita r 020 $a978-88-15-24816-9 040 $aSeMil$bita 100 1 $aCova, Luciano,$d<1944- >.$0(OLS)http://semarc/name/70962 245 10$aPeccato originale :$bAgostino e il Medioevo /$cLuciano Cova. 264 3$aBologna :$bIl Mulino,$c2014. 300 $a389 p. ;$c22 cm 490 1 $aSaggi ;$v801 650 4$aPeccato originale - Concezione cristiana - Sec. 5.-13.$0(OLS)http://semarc/subject/52481 830 0$aSaggi ;$v801.$0(OLS)http://semarc/title/341 850 $aSeMil 852 $aSeMil$W1$xVenegono$y1$m2B III 560$j233329$B241633$CSeMilBibl$Z2$F241633 $81 996 $6020$a978-88-15-24816-9$9(OLS)http://semarc/number/296121 996 $6245$aPeccato originale :$bAgostino e il Medioevo$9(OLS)http://semarc/title/440421 996 $6264$aBologna :$bIl Mulino$9(OLS)http://semarc/publisher/29842 LEADER 01161nam a2200265 4500 001 000000354179 003 CaOOAMICUS 005 20230612122925.0 008 230612s1954 it 000 u ita r 040 $aSeMil$bita 100 0 $aIoannes XXIII,$c.$0(OLS)http://semarc/name/1335 245 10$a25. della Conciliazione : $b11 febbraio 1954 /$cAngelo Giuseppe card. Roncalli. 264 1$aVenezia :$bNuova Editoriale,$c[1954?] 300 $a18 p. ;$c17 cm 500 $aDiscorso tenuto nella Basilica di San Marco alla presenza delle massime Autorità, durante, la Funzione promossa dall'Azione Cattolica 650 4$aConciliazione.$0(OLS)http://semarc/subject/34298 850 $aSeMil 852 $aSeMil$W1$xVenegono$y1$m5A IV 6/16$j241354$B245423$CSeMilBibl$Z2$F245423 $81 900 1 $aRoncalli, Angelo Giuseppe,$d<1881-1963>. 900 0 $aGiovanni XXIII$c. 996 $6245$a25. della Conciliazione : $b11 febbraio 1954$9(OLS)http://semarc/title/444316 996 $6264$aVenezia :$bNuova Editoriale$9(OLS)http://semarc/publisher/44946